Super stars : (Record no. 6915)
[ view plain ]
| 000 -LEADER | |
|---|---|
| fixed length control field | 01008nam a22002657a 4500 |
| 001 - CONTROL NUMBER | |
| control field | 6915 |
| 003 - CONTROL NUMBER IDENTIFIER | |
| control field | FISKH |
| 005 - DATE AND TIME OF LATEST TRANSACTION | |
| control field | 20250723145037.0 |
| 008 - FIXED-LENGTH DATA ELEMENTS--GENERAL INFORMATION | |
| fixed length control field | 250606b cb ||||| |||| 00| 0 eng d |
| 020 ## - INTERNATIONAL STANDARD BOOK NUMBER | |
| International Standard Book Number | 9780545430753 |
| 040 ## - CATALOGING SOURCE | |
| Original cataloging agency | FISKH |
| Language of cataloging | eng |
| Transcribing agency | FISKH |
| Modifying agency | FISKH |
| 050 ## - LIBRARY OF CONGRESS CALL NUMBER | |
| Classification number | PZ7 |
| 082 ## - DEWEY DECIMAL CLASSIFICATION NUMBER | |
| Classification number | 523.8 |
| 100 ## - MAIN ENTRY--PERSONAL NAME | |
| Personal name | Evans, Lynette |
| 245 ## - TITLE STATEMENT | |
| Title | Super stars : |
| Remainder of title | Investigate for the sky / |
| Statement of responsibility, etc. | by Lynette Evans |
| 260 ## - PUBLICATION, DISTRIBUTION, ETC. | |
| Place of publication, distribution, etc. | New York : |
| Name of publisher, distributor, etc. | Scholastic, |
| Date of publication, distribution, etc. | 2011. |
| 300 ## - PHYSICAL DESCRIPTION | |
| Extent | 28 pages : |
| Other physical details | color illustrations ; |
| Dimensions | 22 cm |
| 505 ## - FORMATTED CONTENTS NOTE | |
| Formatted contents note | N<br/> |
| 520 ## - SUMMARY, ETC. | |
| Summary, etc. | Investigate the Sky: Super Stars addresses these essential questions: Why does the sun, our star, blaze so big and bright by day? What do day, night, and the seasons have to do with the sun? What star shapes can we see in the night sky? Why does it matter that Earth is not too close or too far from the sun? |
| 521 8# - TARGET AUDIENCE NOTE | |
| Target audience note | 570<br/> |
| Source | Lexile IG<br/> |
| 521 8# - TARGET AUDIENCE NOTE | |
| Target audience note | N <br/> |
| Source | Raz-Plus<br/> |
| 650 ## - SUBJECT ADDED ENTRY--TOPICAL TERM | |
| Topical term or geographic name entry element | Outer space |
| Form subdivision | Stars |
| General subdivision | Science |
| 942 ## - ADDED ENTRY ELEMENTS (KOHA) | |
| Source of classification or shelving scheme | Dewey Decimal Classification |
| Koha item type | Books |
| Suppress in OPAC | No |
| Withdrawn status | Lost status | Source of classification or shelving scheme | Damaged status | Not for loan | Collection | Home library | Current library | Shelving location | Date acquired | Total Checkouts | Full call number | Barcode | Date last seen | Copy number | Price effective from | Koha item type | Date last checked out |
|---|---|---|---|---|---|---|---|---|---|---|---|---|---|---|---|---|---|
| Dewey Decimal Classification | Juvenile Fiction | Footprints International School Library Network Toul Kork Campus | Footprints International School Library Network Toul Kork Campus | TK Primary Library Room(4th Floor), Bookcase 3&4, Shelves 17-32, Yellow Books | 06/06/2025 | EVA 523.8 PZ7 | FISTK00666 | 06/06/2025 | 1 | 06/06/2025 | Books | ||||||
| Dewey Decimal Classification | Juvenile Fiction | Footprints International School Library Network Toul Tom Poung Campus | Footprints International School Library Network Toul Tom Poung Campus | TTP Primary Yellow Bookshelves | 07/23/2025 | 1 | EVA 523.8 PZ7 | FISBK05929 | 11/28/2025 | 2 | 07/23/2025 | Books | 11/21/2025 |
